| 000 | 00757nam a22002417a 4500 | ||
|---|---|---|---|
| 001 | 48628 | ||
| 003 | BD-RjUL | ||
| 005 | 20221127141822.0 | ||
| 008 | 160814s1964 bg ||||| |||| 00| 0 ben d | ||
| 020 | _c: TK 1.50 | ||
| 035 | _a(BD-RjUL)48747 | ||
| 040 |
_aBD-RjUL _bben _cBD-RjUL |
||
| 041 | _aben | ||
| 082 |
_223 _a891.442 _bUDP 1964 |
||
| 100 |
_aউদদীন, জসীম _9146859 |
||
| 245 | 1 | 0 |
_aপল্লী-বধূ / _cজসীম উদদীন |
| 250 | _a১ম সং | ||
| 260 |
_aঢাকা : _bপলাশ প্রকাশনী, _c১৯৬৪ |
||
| 300 |
_a৭২ পৃ. ; _c১৭ সেমি. |
||
| 650 |
_aবাংলা নাটক _9146860 |
||
| 650 |
_aBengali Drama _9146861 |
||
| 942 |
_2ddc _cBK |
||
| 999 |
_c48628 _d48628 |
||